Convivencia y globalización: aportes para la paz
Na minha lista:
| Autor principal: | |
|---|---|
| Formato: | Livro |
| Idioma: | espanhol |
| Publicado em: |
Bogotá
Universidad Pedagógica Nacional
2002
|
| Assuntos: | |
| Tags: |
Adicionar Tag
Sem tags, seja o primeiro a adicionar uma tag!
|
MARC
| LEADER | 00000nam a2200000 a 4500 | ||
|---|---|---|---|
| 001 | UCM5066 | ||
| 003 | CL-VaPUC | ||
| 008 | 020927e20020000CK |||||||||||||||||spa|d | ||
| 082 | 0 | 4 | |a 327.172 |b OJE |2 21 |
| 100 | |a Ojeda Awad, Alonso |e autor |9 471392 | ||
| 245 | 1 | 0 | |a Convivencia y globalización: aportes para la paz |
| 300 | |a 351 p | ||
| 942 | |c BK | ||
| 945 | |d 20020927 00:00:00 |a cmena | ||
| 260 | |a Bogotá |b Universidad Pedagógica Nacional |c 2002 | ||
| 650 | 0 | |a Relaciones Internacionales |9 255740 | |
| 650 | 0 | |a Política internacional |9 255813 | |
| 650 | 7 | |a PAZ INTERNACIONAL |2 CL-VaPUC |9 432684 | |
| 650 | 0 | |a Globalización |9 361930 | |
| 583 | |a last modification |c 20020927 00:00:00 |k Rodrigo Vera | ||
| 999 | |c 301364 |d 301362 | ||
| 952 | |0 0 |1 0 |4 0 |6 327_172000000000000_OJE_2002 |7 0 |8 P |9 360218 |a BIBEDU |b BIBEDU |c BIBEDU_PB |d 2019-11-21 |i 3834107 |o 327.172 OJE 2002 |p 3834107 |r 2024-01-25 |w 2019-11-21 |y BK |k EDU | ||